| 000 | 00720nam a2200241Ia 4500 | ||
|---|---|---|---|
| 003 | GCL | ||
| 008 | 140319s9999 xx 000 0 ara d | ||
| 040 |
_aGCL / _cGCL |
||
| 082 | 0 | 4 |
_a330.124 _bم ت |
| 100 | 1 | _aمحمد سلطان ابوعلى | |
| 245 | 1 | 0 |
_aالتخطيط الاقتصادى واساليبه / _cمحمد سلطان ابوعلى |
| 300 | _a318 ص | ||
| 490 | _a | ||
| 650 | 0 | 4 | _aالاقتصاد |
| 650 | 0 | 4 | _aالتخطيط الاقتصادى |
| 650 | 0 | 4 | _aالسياسة المالية |
| 650 | 0 | 4 | _aالاستثمار |
| 650 | 0 | 4 | _aالتجارة الخارجية |
| 650 | 0 | 4 | _aالقوى العاملة |
| 650 | 0 | 4 | _aالاسعار |
| 650 | 0 | 4 | _aالاستهلاك |
| 942 |
_2ddc _cBK |
||
| 999 |
_c40279 _d40279 |
||